| 000 | 00387 a2200169 4500 | ||
|---|---|---|---|
| 001 | 62822 | ||
| 020 | _a978851604546 | ||
| 040 | _cAnchieta - Pituba | ||
| 100 | _aCarrasco, Walcyr | ||
| 240 | 1 | 0 |
_aHistórias para a sala de aula _lpor |
| 245 | 1 | 0 | _aHistórias para a sala de aula |
| 300 | _a142 | ||
| 362 | 0 | _a2009 | |
| 440 | 1 | _aModerna | |
| 650 | 4 | _aLiteratura juvenil | |
| 942 | _cBK | ||
| 999 |
_c62822 _d62822 |
||